Flags of Countries that Start with B - Sudden Death - Statistics

General Stats
  • This quiz has been taken 114 times
  • The average score is 13 of 17
Answers on the Grid
Answers color-coded by a green-red scale on the quiz's grid according to % correct below.
 
Answer Stats
Answer % Correct
99%
87%
85%
84%
83%
78%
78%
77%
77%
77%
74%
73%
70%
67%
66%
65%
65%
No matching quizzes found
Score Distribution
Percent of People with Each Score
Percentile by Number Answered
Your Score History
You have not taken this quiz